01071nam a22001697a 4500999001700000020001800017082001900035100002400054245006400078260004300142300001500185520042800200650004800628650004600676942001200722952016700734 c39504d39504 a9798886263732 a303.482bHEN-G aHenderson, Terence  aGlobal Gender economic and Devlopment/cTerence Henderson  aWilmington:bAmerican Academic,c2024. axiv, 302p. aEconomic Empowerment: Central to breaking cycles of poverty and achieving equality. Initiatives like microfinance and education programs are critical. Policy Advocacy: International frameworks such as the UN Sustainable Development Goals (SDG-5) advocate for gender equality as part of broader development goals. Cultural Shifts: Globalization's role in challenging or reinforcing traditional gender roles varies by region. aEconomic EmpowermentvPoverty and achieving aInternational frameworksvDevelopmentzUN 2ddccBK 00104070aNASSDOCbNASSDOCd2024-03-21eAhuja Book Company PVT.LTDg10785.20i22-03-2024l0o303.482 HEN-Gp54527r2024-05-30 00:00:00v16592.62w2024-05-30yBK